Normal view MARC view
  • Academic Foundation Bulletin

Entry Personal Name

Number of records used in: 5

001 - CONTROL NUMBER

  • control field: 335

003 - CONTROL NUMBER IDENTIFIER

  • control field: OSt

005 - DATE AND TIME OF LATEST TRANSACTION

  • control field: 20160430120400.0

008 - FIXED-LENGTH DATA ELEMENTS

  • fixed length control field: 160430|| aca||aabn | a|a d

040 ## - CATALOGING SOURCE

  • Original cataloging agency: OSt
  • Transcribing agency: OSt

100 ## - HEADING--PERSONAL NAME

  • Personal name: Academic Foundation Bulletin

670 ## - SOURCE DATA FOUND

  • Source citation: Work cat.: (OSt): Academic Foundation Bulletin, Money Banking & Finance, 2003